[Event "Arvier Amatori op 3rd"]
[Site "Arvier"]
[Date "2013.01.04"]
[Round "3"]
[White "Tedesco, Fernando"]
[Black "Serrajotto, Marino"]
[Result "0-1"]
[WhiteElo "1798"]
[BlackElo "1866"]
[PlyCount "100"]
[EventDate "2013.01.02"]
[EventType "swiss"]
[EventRounds "7"]
[EventCountry "ITA"]
[SourceTitle "EXT 2014"]
[Source "ChessBase"]
[SourceDate "2013.11.20"]
[SourceVersion "1"]
[SourceVersionDate "2013.11.20"]
[SourceQuality "1"]

1. e4 c5 2. d3 g6 3. Bd2 Bg7 4. Qc1 Nc6 5. c3 d5 6. exd5 Qxd5 7. c4 Qe5+ 8. Be2 Qxb2 9. Qxb2 Bxb2 10. Bc3 Bxa1 11. Bxa1 Nf6 12. Bxf6 exf6 13. Nf3 0-0 14. 0-0 Re8 15. Nc3 Nd4 16. Nxd4 cxd4 17. Ne4 Kg7 18. Bf3 Rb8 19. h3 b6 20. Rb1 Ba6 21. Rb2 Red8 22. a4 Bb7 23. Nd2 Bxf3 24. Nxf3 Rbc8 25. g3 Rc5 26. Kf1 Ra5 27. Rb4 h6 28. Kg2 Kf8 29. Nd2 Re5 30. Nf3 Re6 31. Rb2 Rd7 32. Kf1 Ke8 33. Ra2 Kd8 34. a5 bxa5 35. Rxa5 Rb6 36. Ra2 Rb1+ 37. Kg2 Rb3 38. Rd2 Kc7 39. Ng1 Kc6 40. Ne2 Kc5 41. g4 Rdb7 42. Ng3 Rb2 43. Ne4+ Kc6 44. Rd1 Rb1 45. Rd2 R7b2 46. Rxb2 Rxb2 47. Kf3 a5 48. Nxf6 a4 49. Ke4 a3 50. Kxd4 a2 0-1

[Event "Arvier Amatori op 1st"]
[Site "Arvier"]
[Date "2011.01.03"]
[Round "1"]
[White "Raineri, Valerio"]
[Black "Tedesco, Fernando"]
[Result "1-0"]
[WhiteElo "2146"]
[BlackElo "1700"]
[PlyCount "57"]
[EventDate "2011.01.03"]
[EventType "swiss"]
[EventRounds "7"]
[EventCountry "ITA"]
[SourceTitle "EXT 2012"]
[Source "ChessBase"]
[SourceDate "2011.11.24"]
[SourceVersion "1"]
[SourceVersionDate "2011.11.24"]
[SourceQuality "1"]

1. e4 e5 2. Nf3 d6 3. d4 Be7 4. dxe5 Be6 5. exd6 Bxd6 6. Nc3 Bb4 7. Qxd8+ Kxd8 8. Bd2 Nf6 9. Bd3 a6 10. h3 h6 11. a3 Bxc3 12. Bxc3 Nbd7 13. 0-0-0 Ke7 14. Nd2 c5 15. f4 Nb8 16. f5 Bd7 17. Rhe1 Re8 18. Nc4 Nc6 19. Nb6 Rad8 20. Nd5+ Kf8 21. Nxf6 gxf6 22. Bxf6 Rc8 23. Bxa6 Nd4 24. Bxb7 Rb8 25. Bd5 Bb5 26. Bxd4 cxd4 27. Rxd4 Re5 28. Rb4 Rbe8 29. Rxb5 1-0